|
|
|
|
| LEADER |
00000nam2a2200000 4500 |
| 001 |
207801 |
| 005 |
20231101225424.0 |
| 020 |
|
|
|a RU
|b 89-44484ж
|
| 035 |
|
|
|a (RuTPU)RU\TPU\book\226758
|
| 090 |
|
|
|a 207801
|
| 100 |
|
|
|a 20120127d1989 k y0rusy5003 ca
|
| 101 |
0 |
|
|a rus
|
| 102 |
|
|
|a UA
|
| 105 |
|
|
|a a z 001zy
|
| 200 |
0 |
|
|a Вып. 31
|f отв. ред. Н. М. Ковтун
|
| 210 |
|
|
|d 1989
|
| 215 |
|
|
|d 26 см
|a 84 с.
|c ил.
|
| 461 |
|
1 |
|0 (RuTPU)RU\TPU\book\129633
|t Физика и техника высоких давлений
|o республиканский межведомственный сборник научных трудов
|f Академия наук Украинской ССР, Донецкий физико-технический институт
|v Вып. 31
|d 1980-1990
|
| 606 |
1 |
|
|a Давления высокие
|x (физика)
|2 stltpush
|3 (RuTPU)RU\TPU\subj\4802
|9 33017
|
| 610 |
1 |
|
|a сильносжатые твердые тела
|
| 610 |
1 |
|
|a электронные свойства
|
| 610 |
1 |
|
|a материалы
|
| 610 |
1 |
|
|a пластическая обработка
|
| 610 |
1 |
|
|a высокие давления
|
| 610 |
1 |
|
|a пластическое деформирование
|
| 610 |
1 |
|
|a гидростатическая обработка
|
| 610 |
1 |
|
|a технологическое оборудование
|
| 675 |
|
|
|a 539.89
|z rus
|v 3
|
| 702 |
|
1 |
|a Ковтун
|b Н. М.
|4 340
|
| 801 |
|
0 |
|a RU
|b RuMRKP
|c 19950417
|g psbo
|
| 801 |
|
1 |
|a RU
|b 63413507
|c 20120127
|
| 801 |
|
2 |
|a RU
|b 63413507
|c 20160121
|g RCR
|
| 942 |
|
|
|c BK
|